000 00315 a2200109 4500
001 ART_7625
005 20260410161722.0
008 260409a
245 1 0 _aLos efectos económicos de la EFTA
100 1 _aTamames, Ramón
773 0 _tRevista de la integración
_g- Nº 12 (ene. 1973)
_wREV1815
999 _c17046
_d17046